000 00261nam a22001217a 4500
008 180913b xxu||||| |||| 00| 0 eng d
041 _aeng
080 _a371
100 _a47
101 _aEDU
245 _aLifetime Reading List
_cMONIC.A
942 _2udc
_cBK
999 _c47731
_d47731